[Event "FSGM August 2012"]
[Site "Budapest HUN"]
[Date "2012.08.05"]
[Round "2.3"]
[White "Gonzalez,Be CRC"]
[Black "Liu Dede"]
[Result "1/2-1/2"]
[WhiteElo "2413"]
[BlackElo "2375"]

1.d4 d5 2.c4 e6 3.Nf3 Nf6 4.g3 Be7 5.Bg2 O-O 6.Qc2 b6 7.cxd5 exd5 8.O-O Bb7
9.Nc3 Nbd7 10.Rd1 a6 11.Bf4 Re8 12.Rac1 Rc8 13.Ne5 Bd6 14.Qb3 Nxe5 15.dxe5 Bxe5
16.Nxd5 Nxd5 17.Bxd5 Bxd5 18.Rxd5 Qf6 19.Bxe5 Rxe5 20.Rxe5 Qxe5 21.Qxb6 Qxe2
22.Qb7 Qe6 23.Rc4 Rd8 24.Rxc7 h5 25.Qf3 Qxa2 26.Qxh5 Qb3 27.Kg2 Rb8 28.Qf5 Qe6
29.Qc2 g6 30.Rc3 Qd5+ 31.Kg1 Kh7 32.Rc4 Re8 33.Qc1 Qd3 34.h3 a5 35.Kh2 Re4
36.Rxe4 Qxe4 37.Qd2 a4 38.h4 Qc4 39.Qe3 Qb4 40.Qc1 Qb3 41.Kg1 Kg7 42.Kf1 Qd3+
43.Kg1 Qb3 44.Qa1 Kg8 45.Qa3 Qd1+ 46.Kg2 Qd2 47.Qa2 Kg7 48.Qb1 Kg8 49.Qa1 Qd5+
50.Kg1 Qd2 51.Qa3 Kg7 52.Kg2 Kg8 53.g4 Qd4 54.Kg3 Qe5+ 55.Kh3 Qd4 56.f3 Kg7
57.Qa1 Qf2 58.Qd1 Kg8 59.h5 Qxb2 60.Qxa4 Qf2 61.Qe8+ Kg7 62.Qe5+ Kg8 63.Qf4 Qe1
64.Qb8+ Kg7 65.Qb2+ Kh7 66.hxg6+ fxg6 67.Qb7+ Kg8 68.Qb8+ Kg7 69.Qc7+ Kg8
70.Qd8+ Kg7 71.Qd4+ Kh7 72.f4 Qh1+ 73.Kg3 Qe1+ 74.Qf2 Qc3+ 75.Kh4 Qf6+ 76.Kh3 Qc3+
77.Qg3 Qc5 78.Qh4+ Kg7 79.Qe1 g5 80.Qa1+ Kh7 81.Qb1+ Kh6 82.fxg5+ Qxg5 83.Qe4 Kg7
84.Kg3 Kh6 85.Qd4 Kh7 86.Qd7+ Kg6 87.Qe8+ Kg7 88.Qd7+ Kg6 89.Qe6+ Kg7 90.Qe8 Qd5
91.Kh4 Qh1+ 92.Kg5 Qh6+ 93.Kf5 Qf6+ 94.Ke4 Qg6+ 95.Qxg6+ Kxg6 96.Kf4  1/2-1/2

[Event "16th HZ Open"]
[Site "Vlissingen NED"]
[Date "2012.08.05"]
[Round "3"]
[White "Roos,Ad"]
[Black "Welten,H"]
[Result "1-0"]
[WhiteElo "2190"]
[BlackElo "1911"]

1.d4 Nf6 2.c4 e6 3.g3 d5 4.Nf3 Be7 5.Bg2 O-O 6.O-O c6 7.Qc2 Nbd7 8.Rd1 Ne4
9.b3 Ndf6 10.Ne5 Nd6 11.Bb2 Bd7 12.Nd2 Rc8 13.c5 Nde8 14.f3 Nc7 15.b4 Nce8
16.Bc3 Nc7 17.a4 Qe8 18.e4 h6 19.Nd3 Bd8 20.Re1 Be7 21.Re2 Qd8 22.Rf1 Re8
23.e5 Nh7 24.f4 Rb8 25.Nb3 Qc8 26.Ref2 Rf8 27.Re1 Re8 28.Bf1 f5 29.exf6 Bxf6
30.Ne5 Bxe5 31.dxe5 Nf8 32.Nd4 Re7 33.Bd3 Qe8 34.Qe2 a6 35.Bd2 Ra8 36.g4 g6
37.Rg2 Kh8 38.Rf1 Rd8 39.Be1 Rf7 40.Bh4 Rb8 41.Qc2 Rh7 42.Bf6+ Kg8 43.f5 g5
44.h4 gxh4 45.fxe6 Bxe6 46.g5 h3 47.Rg3 h5 48.Bxh7+ Nxh7 49.g6 Nxf6 50.exf6 Qd7
51.f7+ Kg7 52.Qe2 Bg4 53.Qe5+  1-0

[Event "Wasselonne Open 2012"]
[Site "Wasselonne FRA"]
[Date "2012.08.05"]
[Round "7.1"]
[White "Sumets,A"]
[Black "Lerch,Pa"]
[Result "1/2-1/2"]
[WhiteElo "2616"]
[BlackElo "2389"]

1.d4 Nf6 2.c4 e6 3.g3 Be7 4.Bg2 d5 5.Nf3 O-O 6.Qc2 Nc6 7.O-O Nb4 8.Qb3 dxc4
9.Qxc4 b6 10.Nc3 Ba6 11.Qb3 Nbd5 12.Ne5 Bb7 13.Re1 c5 14.dxc5 Bxc5 15.Nd3 Be7
16.Nf4 Qc8 17.Nfxd5 Nxd5 18.Nxd5 Bxd5 19.Bxd5 exd5 20.Qxd5 Qc2 21.Qb3 Rac8
22.Be3 Bf6 23.Rac1 Qxb3 24.axb3 Bxb2 25.Rxc8 Rxc8 26.Rd1 h5 27.Rd7 Rc3 28.b4 Rb3
29.Bd2 Ba3 30.Rxa7  1/2-1/2

[Event "Olomouc GM Valoz Cup"]
[Site "Olomouc CZE"]
[Date "2012.08.07"]
[Round "9.4"]
[White "Biolek,R1"]
[Black "Duda,J"]
[Result "1/2-1/2"]
[WhiteElo "2409"]
[BlackElo "2411"]

1.d4 Nf6 2.c4 e6 3.g3 d5 4.Bg2 Be7 5.Nf3 O-O 6.O-O b6 7.cxd5 exd5 8.Nc3 Bb7
9.Bf4 Na6 10.Rc1 c5 11.Ne5 Ne4 12.dxc5 Naxc5 13.Nb5 Bf6 14.b4 Ne6 15.Bxe4 dxe4
16.Nd7 Re8 17.Nc7 Nxc7 18.Rxc7 Ba6 19.a4 Bg5 20.Qc1 e3 21.Bxg5 Qxg5 22.b5 exf2+
23.Kxf2 Qh5 24.Qc4 Rac8 25.Kg1 Rxc7 26.Qxc7 Bc8 27.Rc1 h6 28.Qxc8 Rxc8 29.Rxc8+ Kh7
30.Nf8+  1/2-1/2

[Event "113th US Open 2012"]
[Site "Vancouver USA"]
[Date "2012.08.07"]
[Round "6"]
[White "Li,Zhaozhi"]
[Black "Hilby,Craig"]
[Result "1/2-1/2"]
[WhiteElo "1924"]
[BlackElo "1956"]

1.d4 d5 2.c4 e6 3.Nf3 Be7 4.g3 Nf6 5.Bg2 O-O 6.O-O b6 7.cxd5 exd5 8.Nc3 Bb7
9.Ne5 c6 10.Bf4 Bb4 11.Rc1 Nbd7 12.a3 Bxc3 13.Rxc3 Nxe5 14.Bxe5 Ne4 15.Re3 f6
16.f3 fxe5 17.fxe4 Rxf1+ 18.Bxf1 exd4 19.Qxd4 c5 20.Qe5 dxe4 21.Bh3 Qd4 22.Qf4 Qxb2
23.Bf5 Qd4 24.Kg2 Re8 25.Qg5 c4  1/2-1/2

[Event "16th Izmailov Mem"]
[Site "Tomsk RUS"]
[Date "2012.08.09"]
[Round "3.2"]
[White "Belozerov,A"]
[Black "Gritsenko,An"]
[Result "1-0"]
[WhiteElo "2504"]
[BlackElo "2409"]

1.d4 Nf6 2.c4 e6 3.g3 d5 4.Nf3 Be7 5.Bg2 O-O 6.O-O dxc4 7.Qc2 a6 8.a4 Bd7
9.Rd1 Bc6 10.Nc3 Bb4 11.Bg5 Bxc3 12.bxc3 Be4 13.Qa2 b5 14.Bxf6 Qxf6 15.Ne5 Bxg2
16.Kxg2 c6 17.Rdb1 Qd8 18.axb5 Qd5+ 19.e4 Qxe4+ 20.f3 Qd5 21.b6 Nd7 22.Nxc4 Rab8
23.b7 c5 24.Qxa6 cxd4 25.cxd4 Nf6 26.Ne5 Qxd4 27.Nc6 Qd2+ 28.Kh1 Qc3 29.Ra3 Qc2
30.Qb5 Nd5 31.Nxb8 Nc3 32.Rxc3 Qxc3 33.Qc6 Qd3 34.Rc1  1-0

[Event "Miguel Najdorf Open A"]
[Site "Warsaw POL"]
[Date "2012.08.09"]
[Round "5.22"]
[White "Krasenkova,I"]
[Black "Liberadzki,S"]
[Result "1/2-1/2"]
[WhiteElo "2147"]
[BlackElo "2091"]

1.d4 d5 2.c4 e6 3.g3 Nf6 4.Bg2 Be7 5.Nf3 O-O 6.O-O Nbd7 7.Qc2 b6 8.cxd5 Nxd5
9.e4 Nb4 10.Qb3 Bb7 11.a3 Na6 12.Nc3 Nf6 13.Qc2 c5 14.Rd1 cxd4 15.Nxd4 Qe8
16.Qe2 Nc5 17.b4 Na4 18.Nxa4 Qxa4 19.Bg5 Rfe8 20.Rdc1 Rac8 21.Rxc8 Bxc8 22.Bxf6 Bxf6
23.e5 Rd8 24.Nc6 Ba6 25.Qe1 Bg5 26.Nxd8 Bxd8 27.Qd1 Qe8 28.Bc6 Qe7 29.b5 Bc8
30.Qd6 Kf8 31.Rd1 Bc7 32.Qxe7+ Kxe7 33.f4 f6 34.Re1 a5 35.a4 g5 36.Kf2 fxe5
37.fxe5 Bd7 38.Bxd7 Kxd7 39.Kf3 h5 40.Ke4 Bd8 41.Rf1 Ke8 42.Rc1 Kd7 43.Rc6 Bc7
44.h3 Bd8 45.Rd6+ Ke7 46.h4 gxh4 47.Rxd8 Kxd8 48.gxh4 Ke8 49.Kf4 Kf7 50.Kg5 Kg7
51.Kxh5 Kh7 52.Kg5 Kg7 53.h5 Kf7 54.h6 Kg8 55.Kf6  1/2-1/2

[Event "TATA 14th IBCA Olympiad"]
[Site "Chennai IND"]
[Date "2012.08.10"]
[Round "1.1"]
[White "Desanjose Candalija,E"]
[Black "Vrioni,Bersan"]
[Result "1-0"]
[WhiteElo "2238"]
[BlackElo "1855"]

1.d4 d5 2.c4 e6 3.Nf3 Nf6 4.g3 Be7 5.Bg2 O-O 6.O-O Nc6 7.b3 b6 8.Bb2 Bb7
9.Nbd2 Rc8 10.a3 a5 11.Qc2 Nb8 12.Ne5 c5 13.Rfd1 cxd4 14.Bxd4 Nc6 15.Nxc6 Bxc6
16.Qb2 Qc7 17.cxd5 Bxd5 18.Bxd5 exd5 19.Nf3 Rfd8 20.b4 axb4 21.axb4 Qd6 22.Ra6 Qxb4
23.Bxf6 gxf6 24.Qxb4 Bxb4 25.Rxb6 Bc3 26.Rd3 Kg7 27.Nh4 Rd7 28.Nf5+ Kg6 29.Rxd5 Rxd5
30.Ne7+ Kg7 31.Nxd5 Bd4 32.Rb4 Be5 33.Ne3 Rc1+ 34.Kg2 h5 35.Nf5+ Kg6 36.Ne7+ Kg7
37.f4 Ba1 38.h3 Rc5 39.Rb7 f5 40.Rd7 Kf6 41.Rd5 Rxd5 42.Nxd5+ Ke6 43.Ne3 Bd4
44.Kf3 Bc5 45.Nc4 Bb4 46.Nb2 Kd5 47.Nd3 Bc3 48.Nf2 Bb2 49.g4 hxg4+ 50.hxg4 fxg4+
51.Kxg4 Ke6 52.Nd3 Bd4 53.f5+ Ke7 54.e4 f6 55.Kh5 Kf7 56.Kh6 Bc3 57.Nf2 Be5
58.Ng4 Bd6 59.Kh7 Bf8 60.Nh6+ Ke7 61.Kg6 Kd6 62.Nf7+ Ke7 63.Nh8 Kd6 64.Kxf6 Be7+
65.Kf7  1-0

[Event "TCh-ESP CECLUB 2a Gp1 2012"]
[Site "Padron ESP"]
[Date "2012.08.10"]
[Round "4.3"]
[White "Lopez Gracia,F"]
[Black "Cabeza Alfonso,R"]
[Result "1-0"]
[WhiteElo "2374"]
[BlackElo "1995"]

1.Nf3 Nf6 2.c4 e6 3.g3 d5 4.d4 Be7 5.Bg2 O-O 6.O-O dxc4 7.Qc2 a6 8.Qxc4 b5
9.Qc2 Bb7 10.Bg5 Nbd7 11.Bxf6 Nxf6 12.Nbd2 Rc8 13.Nb3 Be4 14.Qc3 b4 15.Qc4 Qd5
16.Rfc1 Qxc4 17.Rxc4 Bd5 18.Rc2 Be4 19.Rcc1 Nd7 20.Ne5 Bxg2 21.Nxd7 Rfd8
22.Kxg2 Rxd7 23.Rc4 Ra8 24.Rac1 Ra7 25.Na5 f6 26.e3 Kf7 27.b3 g6 28.f4 Bd6
29.Kf3 Bf8 30.g4 Bd6 31.R1c2 h6 32.e4 Bf8 33.h4 Be7 34.h5 gxh5 35.gxh5 Bf8
36.e5 f5 37.Rg2 c5 38.dxc5 Rd3+ 39.Ke2 Rad7 40.c6 Rd2+ 41.Kf1 Rd1+ 42.Kf2 R7d3
43.Rc2 Rc3 44.Rxc3 bxc3 45.c7 Bc5+ 46.Kg3 Bf8 47.Kh2 Ke8  1-0

[Event "TCh-ESP CECLUB 2a Gp1 2012"]
[Site "Padron ESP"]
[Date "2012.08.11"]
[Round "5.1"]
[White "Miton,K"]
[Black "Fernandez Borrego,P"]
[Result "1-0"]
[WhiteElo "2616"]
[BlackElo "2340"]

1.d4 e6 2.Nf3 d5 3.c4 Nf6 4.g3 Be7 5.Bg2 O-O 6.O-O dxc4 7.Nc3 c5 8.dxc5 Nc6
9.Qa4 Qa5 10.Qxc4 e5 11.Bg5 Qxc5 12.Qxc5 Bxc5 13.Bxf6 gxf6 14.Rfc1 Be6 15.Nb5 Be7
16.Nc7 Rad8 17.Nxe6 fxe6 18.Ne1 Rd2 19.Kf1 Rxb2 20.Bxc6 bxc6 21.Rxc6 Kf7
22.Nd3 Rb7 23.Rac1 Rd8 24.R1c4 Rd4 25.Rxd4 exd4 26.f4 Rb5 27.Ra6 e5 28.fxe5 fxe5
29.Rxa7 Ke6 30.Kf2 Bd6 31.a4 Rb1 32.Kf3 h5 33.Rh7 Kd5 34.Rxh5 Rf1+ 35.Kg2 Ra1
36.h4 Rxa4 37.Kf3 Ra1 38.Rg5 Rf1+ 39.Kg2 Rf6 40.Nf2 Be7 41.Ng4 Re6 42.Rf5 Ke4
43.Rf7 d3 44.Nf2+ Ke3 45.exd3 Bc5 46.Rf3+ Ke2 47.Ne4 Be3 48.Nc3+ Kxd3 49.Nd5 Re8
50.Rxe3+ Kd4 51.Nf6  1-0

[Event "16th Izmailov Mem"]
[Site "Tomsk RUS"]
[Date "2012.08.11"]
[Round "5.24"]
[White "Postnikov,A"]
[Black "Zaretsky,L"]
[Result "1-0"]
[WhiteElo "2107"]
[BlackElo "1992"]

1.d4 d5 2.Nf3 Nf6 3.c4 e6 4.g3 Be7 5.Bg2 O-O 6.O-O c6 7.Qd3 Re8 8.Nc3 Nbd7
9.b3 Nf8 10.Bb2 Ng6 11.Rad1 Qc7 12.Rfe1 Bb4 13.Nd2 Bd7 14.a3 Bf8 15.Qc2 Rac8
16.e4 dxc4 17.Nxc4 h5 18.e5 Nd5 19.Ne4 Red8 20.Ncd6 Bxd6 21.Nxd6 Rb8 22.Qe2 h4
23.Qh5 Nf6 24.exf6 Qxd6 25.fxg7 e5 26.dxe5 Qe6 27.Rd6 Qg4 28.Qh6 Be6 29.h3 Qf5
30.Be4 Qxh3 31.Bxg6 fxg6 32.Rxd8+ Rxd8 33.Qh8+ Kf7 34.Qxd8 Kxg7 35.Qf6+ Kg8
36.Rd1 Bd5 37.Rxd5 cxd5 38.e6  1-0

[Event "FSIMB August 2012"]
[Site "Budapest HUN"]
[Date "2012.08.12"]
[Round "9.2"]
[White "Nguyen Huynh Minh Huy"]
[Black "Samhouri,A"]
[Result "1/2-1/2"]
[WhiteElo "2441"]
[BlackElo "2373"]

1.d4 Nf6 2.c4 e6 3.g3 d5 4.Nf3 Be7 5.Bg2 O-O 6.O-O dxc4 7.Qc2 a6 8.a4 Bd7
9.Nbd2 Bc6 10.Nxc4 Be4 11.Qb3 Nc6 12.Be3 Bd5 13.Qc3 Ne4 14.Qd3 Nd6 15.Nxd6 cxd6
16.Qb1 Qb6 17.Rd1 Bf6 18.Ne5 Rfd8 19.Bxd5 exd5 20.Ng4 Be7 21.Qf5 Qxb2 22.Rab1 Qxe2
23.Re1 Qc4 24.Rec1 Qxa4 25.Rxb7 Ra7 26.Rxa7 Nxa7 27.Rc7 Nc6 28.Kg2 Qc4 29.h3 a5
30.Qb1 Qa6 31.Qf5 Qc4 32.Qb1 Qa6 33.Qf5 Qc4  1/2-1/2

[Event "Husek Vienna Open A"]
[Site "Vienna AUT"]
[Date "2012.08.13"]
[Round "1"]
[White "Atalik,S"]
[Black "Rohringer,G"]
[Result "1-0"]
[WhiteElo "2606"]
[BlackElo "2115"]

1.d4 d5 2.c4 e6 3.g3 Nf6 4.Bg2 Be7 5.Nf3 O-O 6.O-O dxc4 7.Ne5 Nbd7 8.Nxc4 Nb6
9.Na5 Nbd5 10.Nb3 Nd7 11.e4 N5f6 12.Nc3 e5 13.dxe5 Nxe5 14.f4 Qxd1 15.Rxd1 Ned7
16.e5 Ne8 17.Bxb7 Bxb7 18.Rxd7 Bb4 19.Nd5 Bxd5 20.Rxd5 c6 21.Rd7  1-0

[Event "Husek Vienna Open A"]
[Site "Vienna AUT"]
[Date "2012.08.13"]
[Round "1"]
[White "Banusz,T"]
[Black "Riemelmoser,S"]
[Result "1-0"]
[WhiteElo "2556"]
[BlackElo "2112"]

1.Nf3 e6 2.c4 d5 3.g3 Be7 4.Bg2 Nf6 5.d4 O-O 6.O-O b6 7.Nc3 Bb7 8.cxd5 exd5
9.Bf4 Nbd7 10.Rc1 c5 11.dxc5 Nxc5 12.Be5 Re8 13.Nb5 Bf8 14.Bxf6 Qxf6 15.Nc7 Qxb2
16.Rc2 Qf6 17.Nxa8 Rxa8 18.Qd4 Qf5 19.Rfc1 Re8 20.Qf4 Qh5 21.Qg5 Qxg5 22.Nxg5 Be7
23.Nh3 g5 24.Rd1 Na6 25.e3 h6 26.Kh1 Bc5 27.Ng1 Bc6 28.Rcd2 Nc7 29.Ne2 Bb4
30.Rb2 Ba3 31.Rbb1 Re5 32.Rd3 Bc5 33.Nd4 Ba4 34.Rc1 Na6 35.Kg1 Kf8 36.g4 Bd7
37.h3 Nb4 38.Rd2 a5 39.Bf1 Ke7 40.Rb1 f5 41.gxf5 Bxf5 42.Nxf5+ Rxf5 43.Bg2 Ke6
44.Rbd1 h5 45.a3 Na6 46.Bxd5+ Kf6 47.Bc4 Nc7 48.Rd7 Ne6 49.a4 g4 50.hxg4 hxg4
51.Bxe6 Kxe6 52.Rg7  1-0

[Event "Prva liga RS seniori 2012"]
[Site "Banja Vrucica SRB"]
[Date "2012.08.14"]
[Round "4"]
[White "Pavlovic,Dej"]
[Black "Benkovic,P"]
[Result "1/2-1/2"]
[WhiteElo "2419"]
[BlackElo "2408"]

1.d4 d5 2.c4 e6 3.Nf3 Nf6 4.g3 Be7 5.Bg2 O-O 6.O-O Nbd7 7.Qc2 c6 8.Nbd2 b6
9.e4 Bb7 10.e5 Ne8 11.cxd5 cxd5 12.Re1 Qc7  1/2-1/2

[Event "87th ch-FRA 2012"]
[Site "Pau FRA"]
[Date "2012.08.14"]
[Round "2"]
[White "Tkachiev,V"]
[Black "Bauer,Ch"]
[Result "1/2-1/2"]
[WhiteElo "2644"]
[BlackElo "2682"]

1.d4 Nf6 2.c4 e6 3.g3 d5 4.Bg2 Be7 5.Nf3 O-O 6.O-O dxc4 7.Qc2 a6 8.a4 Bd7
9.Qxc4 Bc6 10.Bg5 h6 11.Bxf6 Bxf6 12.Nc3 Bxf3 13.Bxf3 c6 14.e3 a5 15.b4 axb4
16.Qxb4 Ra7 17.a5 Na6 18.Qb6 Qa8 19.Ne4 Bd8 20.Qb2 Nb8 21.Nd6 Bxa5 22.Nxb7 Rxb7
23.Rxa5 Rxb2 24.Rxa8 c5 25.dxc5 Rc2 26.Rb1 Nd7 27.Rxf8+ Kxf8 28.c6 Ne5 29.Be4 Rc4
30.Rb8+ Ke7 31.Rb7+ Kd6 32.f4 Rxe4 33.fxe5+ Kxc6 34.Rxf7 Rxe3 35.Rxg7 Rxe5
36.Kf2 Rf5+ 37.Ke3 h5 38.h4 Kd5 39.g4 hxg4 40.Rxg4 Ke5 41.Re4+ Kf6 42.Rf4 Rxf4
43.Kxf4 e5+ 44.Ke4 Kg6 45.Kxe5 Kh5 46.Kf5 Kxh4 47.Ke5  1/2-1/2

[Event "2nd Split Open 2012"]
[Site "Split CRO"]
[Date "2012.08.14"]
[Round "4.21"]
[White "Ognjan,R"]
[Black "Galic,I2"]
[Result "0-1"]
[WhiteElo "2076"]
[BlackElo "2364"]

1.d4 Nf6 2.c4 e6 3.g3 d5 4.Bg2 Be7 5.Nf3 O-O 6.O-O dxc4 7.Qc2 a6 8.Qxc4 b5
9.Qc2 Bb7 10.Bf4 Nc6 11.Rd1 Rc8 12.Nc3 Nb4 13.Qb3 Nbd5 14.Bg5 Nxc3 15.bxc3 Bd5
16.Qc2 Be4 17.Qb3 c5 18.dxc5 Qc7 19.Rac1 Qxc5 20.Be3 Qc7 21.Bd4 Bd5 22.Qb2 Qa5
23.Nd2 Ba3 24.Qc2 Bxc1 25.Rxc1 Bxg2 26.Kxg2 Rfd8  0-1

[Event "Miguel Najdorf Open A"]
[Site "Warsaw POL"]
[Date "2012.08.14"]
[Round "9.9"]
[White "Adamski,J"]
[Black "Jarmula,L"]
[Result "1/2-1/2"]
[WhiteElo "2322"]
[BlackElo "2149"]

1.c4 e6 2.Nf3 Nf6 3.g3 d5 4.d4 Be7 5.Bg2 O-O 6.O-O dxc4 7.Qc2 b5 8.a4 b4
9.Nbd2 Bb7 10.Nxc4 c5 11.Bg5 Nbd7 12.dxc5  1/2-1/2

[Event "Manhem GM 2012"]
[Site "Gothenburg SWE"]
[Date "2012.08.15"]
[Round "7"]
[White "Nyback,T"]
[Black "Welin,M"]
[Result "1-0"]
[WhiteElo "2638"]
[BlackElo "2270"]

1.d4 Nf6 2.c4 e6 3.g3 d5 4.Nf3 Be7 5.Bg2 O-O 6.O-O dxc4 7.Qc2 a6 8.Qxc4 b5
9.Qc2 Bb7 10.Bd2 Bd6 11.Re1 Be4 12.Qc1 Bb7 13.Bg5 Nbd7 14.e4 Be7 15.Nbd2 c5
16.e5 Nd5 17.Ne4 Nb4 18.Qd2 Bxe4 19.Rxe4 Bxg5 20.Nxg5 h6 21.Nf3 Nd5 22.Rg4 Kh8
23.Rh4 f5 24.Rxh6+ gxh6 25.Qxh6+ Kg8 26.Qxe6+ Kg7 27.Qxd5 Rc8 28.Nh4 cxd4
29.e6 Nb6 30.Nxf5+ Kf6 31.Qe4 Rh8 32.Nxd4 Rc5 33.Qf4+ Kg7 34.Qf7+ Kh6 35.Nf5+  1-0

[Event "Husek Vienna Open A"]
[Site "Vienna AUT"]
[Date "2012.08.15"]
[Round "3"]
[White "Horvath,Cs1"]
[Black "Gonzalez de la Nava,A"]
[Result "1-0"]
[WhiteElo "2505"]
[BlackElo "2295"]

1.d4 Nf6 2.c4 e6 3.Nf3 d5 4.g3 Be7 5.Bg2 O-O 6.O-O c5 7.cxd5 Nxd5 8.dxc5 Nc6
9.a3 Bxc5 10.Qc2 Be7 11.e4 Nb6 12.Rd1 Bd7 13.Bf4 f6 14.e5 f5 15.Nc3 g5 16.Be3 g4
17.Nd4 Nxd4 18.Bxd4 Qc8 19.Qb3 Bc6 20.Bxb6 Bxg2 21.Kxg2 Qc6+ 22.Kg1 axb6
23.Nb5 Bc5 24.Nd4 Bxd4 25.Rxd4 Rfd8 26.Rb4 Ra6 27.Qe3 Rd5 28.Rc1 Rc5 29.Rd1 Rd5
30.Rxd5 Qxd5 31.Rd4 Qc6 32.Qg5+  1-0

[Event "25th Panevezys Open"]
[Site "Panevezys LTU"]
[Date "2012.08.16"]
[Round "6.8"]
[White "Annenkov,K"]
[Black "Bucinskas,Lukas"]
[Result "1/2-1/2"]
[WhiteElo "2256"]
[BlackElo "1745"]

1.d4 d5 2.c4 e6 3.g3 Nf6 4.Bg2 Be7 5.Nf3 O-O 6.O-O Nbd7 7.Qc2 b6 8.cxd5 exd5
9.Qc6 Ba6 10.Nc3 Rc8 11.Ne5 Nb8 12.Qa4 c6 13.Rd1 Nfd7 14.Bf4 Nxe5 15.Bxe5 Bd6
16.e4 b5 17.Qb3 Bxe5 18.dxe5 d4 19.a4 Qb6 20.Ne2 c5 21.Nf4 c4 22.Qb4 Nc6
23.Qd2 Rfe8 24.Nd5 Qc5 25.axb5 Bxb5 26.Qg5 Rxe5 27.Qg4 Ne7 28.Nf6+ Kh8 29.Nd7 Bxd7
30.Qxd7 d3 31.Rxa7 Qb6 32.Rb7 Qc6 33.f4 Qc5+ 34.Kh1 Re6 35.e5 h6 36.Bf3 Qf2
37.Bg2 Qc5 38.Ra1 h5 39.Rf1 Qe3 40.Rb5 Qe2 41.h3 c3 42.bxc3 Rxc3 43.Qe8+ Kh7
44.Qxf7 Rc2 45.Rg1 d2 46.Rbb1 Rb6 47.Rbd1 Rbb2 48.g4 Rc1 49.Qxh5+ Kg8 50.Qe8+ Kh7
51.Qa4 Ng6 52.Be4 Rc3 53.Bxg6+ Kxg6 54.Qe8+ Kh7 55.Qh5+ Kg8  1/2-1/2

[Event "2nd Metropolitan International"]
[Site "Los Angeles USA"]
[Date "2012.08.17"]
[Round "6"]
[White "Yanayt,E"]
[Black "Chiang,S"]
[Result "1/2-1/2"]
[WhiteElo "2266"]
[BlackElo "2121"]

1.d4 Nf6 2.c4 e6 3.g3 d5 4.Nf3 Be7 5.Bg2 O-O 6.O-O dxc4 7.Qc2 a6 8.a4 Bd7
9.Rd1 Bc6 10.Nc3 Bb4 11.Bg5 Bxc3 12.bxc3 Nbd7 13.Re1 Be4 14.Qb2 Qb8 15.Bf1 b5
16.Nd2 Bc6 17.e4 Qb7 18.Qc2 Rfb8 19.Bg2 Nb6 20.axb5 axb5 21.Rab1 Qa6 22.Bxf6 gxf6
23.Qd1 Qc8 24.e5 Bxg2 25.Qg4+ Kh8 26.exf6 Qg8 27.Qh4 Bc6 28.Re5 Nd7 29.Rg5 Qf8
30.Rh5 Nxf6 31.Qxf6+ Qg7 32.Qf4 f6 33.Re1 Bd5 34.Ne4 Rf8 35.Qh4 Rf7 36.h3 Rb8
37.Nc5 Re7 38.Qf4 Rf8 39.Rh4 Qg5 40.Rg4 Qxf4 41.Rxf4 Kg7 42.Rg4+ Kf7 43.Rh4 Kg7
44.Rg4+ Kh8 45.Rf4 c6 46.Ra1 f5 47.Kh2 Kg7 48.Re1 Rfe8 49.Re5 Ra7 50.g4 fxg4
51.hxg4 Kg6 52.Kg3 Ra3 53.Nd7 Ra7 54.Rf6+ Kg7 55.Rg5+ Kh8 56.Ne5 Rg7 57.Kh4 b4
58.Rxg7 Kxg7 59.Rf7+ Kg8 60.Kg5 Rf8 61.Rxf8+ Kxf8 62.cxb4 Ke7 63.Kf4 Kd6
64.Ke3 Kc7 65.Kd2 Kd6 66.Kc3 Be4 67.Nxc4+ Kd5 68.Nb6+ Kd6 69.Kd2 Ke7 70.Ke3 Bc2
71.Nc4 Bb3 72.Nd2 Bc2 73.Ne4 Bd1 74.g5 Bh5 75.Kf4 Bg6 76.Ke5 Bf5 77.Ng3 Bg4
78.f4 Bh3 79.f5 exf5 80.Nxf5+ Kd7 81.Nd6 Bf1 82.Ne4 Kc7 83.Nc5 Bc4 84.Kf6 Ba2
85.Ke5 Kb6 86.Ne4 Bc4 87.Nc3 Bb3 88.Kd6 Bc4 89.Na4+ Kb5 90.Nc5 Bd5 91.Nd3 Be4
92.Nc5 Bd5 93.Nd7 Be4 94.Kc7 Bf5 95.Nf6 Bg6 96.Kd6 Bc2 97.Ne8 Be4 98.Nf6 Bc2
99.Kd7 Bg6 100.Kc7 Bc2 101.Ne8 Kxb4 102.Nf6 Kc4 103.Kxc6 Kxd4 104.Kd6 Bf5
105.Ke7 Ke5 106.Kf7 Kf4 107.Nxh7 Bxh7  1/2-1/2

[Event "2nd Metropolitan International"]
[Site "Los Angeles USA"]
[Date "2012.08.17"]
[Round "7"]
[White "Hills,K"]
[Black "Helfst,Matt D"]
[Result "1/2-1/2"]
[WhiteElo "2100"]
[BlackElo "1991"]

1.d4 d5 2.c4 e6 3.Nf3 Nf6 4.g3 Be7 5.Bg2 O-O 6.O-O c6 7.Nbd2 Nbd7 8.Qc2 b6
9.e4 Bb7 10.e5 Ne8 11.cxd5 cxd5 12.Nb1 Rc8 13.Nc3 b5 14.a3 a5 15.Qd3 b4 16.axb4 axb4
17.Ne2 Qb6 18.Bg5 Bxg5 19.Nxg5 g6 20.Nf4 Nc7 21.Rfd1 Ba6 22.Qe3 Qb7 23.Qf3 h6  1/2-1/2

[Event "2nd Metropolitan International"]
[Site "Los Angeles USA"]
[Date "2012.08.18"]
[Round "8"]
[White "Troff,Kayden W"]
[Black "Ippolito,D"]
[Result "1/2-1/2"]
[WhiteElo "2279"]
[BlackElo "2448"]

1.d4 Nf6 2.c4 e6 3.Nf3 d5 4.g3 Be7 5.Bg2 O-O 6.O-O dxc4 7.Qc2 a6 8.a4 Bd7
9.Rd1 Bc6 10.Nc3 Bxf3 11.Bxf3 Nc6 12.Bxc6 bxc6 13.a5 Qb8 14.Ra4 Qb3 15.Qxb3 cxb3
16.Rc4 Rfb8 17.Bf4 Nd5 18.Rxc6 Nxf4 19.gxf4 Bb4 20.Rxc7 Bxa5 21.Rc6 Bxc3
22.Rxc3 a5 23.Ra1 a4 24.Rc4 a3 25.bxa3 g5 26.a4 gxf4 27.Rb1 b2 28.Kf1 Rb3
29.Ke1 Rab8 30.Rc2 R8b4 31.a5 Kg7 32.a6 Ra3 33.Rcxb2 Rxd4 34.Rb4  1/2-1/2

[Event "2nd Metropolitan International"]
[Site "Los Angeles USA"]
[Date "2012.08.18"]
[Round "9"]
[White "Gareev,T"]
[Black "Shabalov,A"]
[Result "1/2-1/2"]
[WhiteElo "2658"]
[BlackElo "2553"]

1.d4 d5 2.c4 e6 3.Nf3 Nf6 4.g3 Be7 5.Bg2 O-O 6.O-O dxc4 7.Qa4 Bd7 8.Qxc4 Bc6
9.Nc3 Nbd7 10.Bg5 Nd5 11.Bxe7 Qxe7  1/2-1/2

[Event "4th Pilsen Open 2012"]
[Site "Plzen CZE"]
[Date "2012.08.18"]
[Round "1.4"]
[White "Fiala,Jar"]
[Black "Spacek,Jan"]
[Result "1-0"]
[WhiteElo "2225"]
[BlackElo "1762"]

1.d4 d5 2.c4 e6 3.Nf3 Nf6 4.g3 Be7 5.Bg2 O-O 6.O-O c6 7.Qc2 Nbd7 8.Nbd2 h6
9.b3 Re8 10.Bb2 Bd6 11.Ne5 Qc7 12.f4 c5 13.e3 cxd4 14.exd4 b6 15.Rae1 Bb7
16.Qd1 Rac8 17.g4 dxc4 18.Bxb7 Qxb7 19.bxc4 Nh7 20.Qb3 Nxe5 21.fxe5 Be7 22.Qf3 Qxf3
23.Rxf3 Ng5 24.Rb3 Red8 25.Kg2 Bc5 26.h4 Nh7 27.Nf3 Be7 28.Rc1 Nf8 29.Kg3 Nd7
30.Kf4 Nb8 31.Ke4 Nc6 32.Rbc3 Nb4 33.Ba3 a5 34.Bxb4 Bxb4 35.Rb3 Rc6 36.Rbb1 Rdc8
37.Kd3 Kf8 38.Rc2 Ke8 39.h5 Rd8 40.Rg1 Be7 41.Rgg2 Rc7 42.Rb2 Rb7 43.Ke4 Rdb8
44.a4 Bb4 45.Rbc2 Rc8 46.g5 hxg5 47.Rxg5 Bf8 48.Kd3 Rd8 49.Rb2 Rdd7 50.Rg4 Rdc7
51.Ng5 Rc6 52.Ne4 Rd7 53.h6 gxh6 54.Nf6+ Ke7 55.Nxd7 Kxd7 56.Rf4 Ke8 57.d5 exd5
58.cxd5 Rg6 59.Rbf2 Rg3+ 60.Ke4 Bc5 61.R2f3 Rg1 62.d6 Re1+ 63.Kd5 Rd1+ 64.Kc6 Rc1
65.Rxf7 Bd4+ 66.Kb7  1-0

[Event "EY Boys U16 2012"]
[Site "Prague CZE"]
[Date "2012.08.18"]
[Round "2.17"]
[White "Menezes,Chr"]
[Black "Dobes,V"]
[Result "1/2-1/2"]
[WhiteElo "2279"]
[BlackElo "2060"]

1.d4 Nf6 2.c4 e6 3.Nf3 d5 4.g3 Be7 5.Bg2 O-O 6.O-O dxc4 7.Qc2 a6 8.a4 Bd7
9.Qxc4 Bc6 10.Bf4 a5 11.Nc3 Na6 12.Rfd1 Nb4 13.Rac1 Rc8 14.Ne5 Bxg2 15.Kxg2 c6
16.e4 h6 17.Nd3 Nxd3 18.Rxd3 Qd7 19.f3 Rfd8 20.Rcd1 Bb4 21.Be5 Ne8 22.Na2 b5
23.Qb3 Bd6 24.Bxd6 Nxd6 25.Rc1 Rb8 26.Rc2 Qb7 27.axb5 cxb5 28.Rc5 Nxe4 29.fxe4 Qxe4+
30.Rf3 Rxd4 31.Qc2 Qxc2+ 32.Rxc2 Rbd8 33.Nc1 a4 34.Rf4 Rxf4 35.gxf4 Rd4 36.Ne2 Rb4
37.Kf2 g5 38.Ke3 Kg7 39.fxg5 hxg5 40.Nd4 e5 41.Nc6 Rb3+ 42.Ke4 f6 43.Kf5 b4
44.Na5 Rf3+ 45.Kg4 Rf4+ 46.Kg3 a3 47.bxa3 bxa3 48.Ra2 Ra4 49.Nb3 f5 50.Nd2 e4
51.Nb1 f4+ 52.Kf2 g4 53.Nxa3 e3+ 54.Ke2 Kg6 55.Ra1 Kg5 56.Nc2 Rxa1 57.Nxa1 Kh4
58.Kf1 Kh3 59.Kg1 f3 60.Nc2 e2 61.Ne1 g3 62.Nxf3 gxh2+ 63.Kh1 Kg3 64.Ne1 Kf2
65.Ng2 e1=Q+ 66.Nxe1 Kxe1 67.Kxh2  1/2-1/2

[Event "11th Lichtenberger Sommer 2012"]
[Site "Berlin GER"]
[Date "2012.08.19"]
[Round "2.36"]
[White "Muskewitz,B"]
[Black "Sawlin,L"]
[Result "0-1"]
[WhiteElo "1992"]
[BlackElo "1952"]

1.d4 e6 2.g3 Nf6 3.Bg2 d5 4.c4 Be7 5.Nf3 O-O 6.O-O Nbd7 7.b3 Ne4 8.Bb2 c6
9.Nc3 Nd6 10.Nd2 Bf6 11.e3 Re8 12.Qc2 Nf8 13.Rfd1 h5 14.Ne2 h4 15.e4 dxe4
16.Nxe4 Nxe4 17.Bxe4 Qa5 18.Rd3 Bd7 19.Bc3 Qh5 20.Nf4 Qg5 21.Bd2 e5 22.Nd5 cxd5
23.Bxg5 dxe4 24.Rdd1 Bxg5 25.Qxe4 exd4 26.Qxb7 Bf6 27.Rac1 Bg4 28.Re1 d3
29.Rxe8 Rxe8 30.f3 d2 31.Rd1 Re1+ 32.Kg2 h3+  0-1

[Event "ZMDI Open A 2012"]
[Site "Dresden GER"]
[Date "2012.08.19"]
[Round "2"]
[White "Hess,C1"]
[Black "Graf,F"]
[Result "0-1"]
[WhiteElo "2244"]
[BlackElo "2394"]

1.c4 e6 2.g3 Nf6 3.Bg2 Be7 4.d4 d5 5.Nf3 O-O 6.Qc2 a6 7.Nbd2 b5 8.cxd5 Nxd5
9.O-O Nd7 10.Nb3 a5 11.Qc6 N7b6 12.Bd2 Bd7 13.Qc1 Nc4 14.Rd1 a4 15.Nc5 a3
16.bxa3 Rxa3 17.Ne5 Bxc5 18.Nxc4 Ra4 19.Ne3 Bxd4 20.Nxd5 Bxa1 21.Bg5 f6 22.Bf4 Be5
23.Bxe5 fxe5 24.Nc3 Rd4  0-1

[Event "EY Boys U14 2012"]
[Site "Prague CZE"]
[Date "2012.08.19"]
[Round "3.10"]
[White "Minko,V"]
[Black "Petrov,Vl5"]
[Result "1-0"]
[WhiteElo "2257"]
[BlackElo "1991"]

1.d4 Nf6 2.c4 e6 3.g3 d5 4.Nf3 Be7 5.Bg2 O-O 6.O-O dxc4 7.Qc2 a6 8.a4 Bd7
9.Rd1 Bc6 10.Nc3 Nd5 11.e4 Nxc3 12.bxc3 b5 13.d5 exd5 14.exd5 Bb7 15.Bf4 Bd6
16.Ng5 g6 17.Be3 Nd7 18.Qe4 h6 19.Ne6 Qe7 20.Nxf8 Qxf8 21.axb5 axb5 22.Rxa8 Bxa8
23.Rb1 Ne5 24.Bf4 f5 25.Qd4 Nd3 26.Bxd6 cxd6 27.Rxb5 Qe8 28.Rb1 Ne5 29.Qa7 Nd7
30.Ra1 Nf8 31.Qxa8 Qe5 32.Qa5 g5 33.Rb1 f4 34.Rb8  1-0